Central Library OPAC University of Rajshahi

The army of Israel / (Record no. 27426)

MARC details
000 -LEADER
fixed length control field 00773cam a22002651 4500
001 - CONTROL NUMBER
control field 27426
003 - CONTROL NUMBER IDENTIFIER
rucl marc code BD-RjUL
005 - DATE AND TIME OF LATEST TRANSACTION
control field 20211209051143.0
008 - FIXED-LENGTH DATA ELEMENTS--GENERAL INFORMATION
fixed length control field 140325t1950 ny 001 0 eng d
035 ## - SYSTEM CONTROL NUMBER
System control number (BD-RjUL)27500
System control number (OCoLC)1315813
040 ## - CATALOGING SOURCE
Original cataloging agency DLC
Transcribing agency ODaU
Modifying agency DLC
-- BD-RjUL
Language of cataloging eng
041 ## - LANGUAGE CODE
Language code of text/sound track or separate title eng
082 00 - DEWEY DECIMAL CLASSIFICATION NUMBER
Classification number 956.9
Author mark and year PEA 1950
100 1# - MAIN ENTRY--PERSONAL NAME
Personal name Pearlman, Moshe,
Dates associated with a name 1911-
9 (RLIN) 84242
245 14 - TITLE STATEMENT
Title The army of Israel /
Statement of responsibility, etc. by Moshe pearlman
260 ## - PUBLICATION, DISTRIBUTION, ETC. (IMPRINT)
Place of publication, distribution, etc. New York :
Name of publisher, distributor, etc. Philosophical Library,
Date of publication, distribution, etc. 1950.
300 ## - PHYSICAL DESCRIPTION
Pagination xiv, 256 p. :
Illustrations ill.
Size 24 cm.
504 ## - BIBLIOGRAPHY, ETC. NOTE
Bibliography, etc includes index.
610 10 - SUBJECT ADDED ENTRY--CORPORATE NAME
Corporate name or jurisdiction name as entry element Israel.
Subordinate unit Tseva haganah le-Yiśraʾel.
651 #0 - SUBJECT ADDED ENTRY--GEOGRAPHIC NAME
Geographic name Palestine
General subdivision Politics and government
9 (RLIN) 84244
942 ## - ADDED ENTRY ELEMENTS (KOHA)
Source of classification or shelving scheme Dewey Decimal Classification
Koha item type Books
Holdings
Lost status Source of classification or shelving scheme Damaged status Not for loan Collection code Permanent Location Current Location Shelving location Date acquired Source of acquisition Cost, normal purchase price Total Checkouts Full call number Date last seen Copy number Koha item type
  Dewey Decimal Classification   Added to bundle Non-fiction Central Library, University of Rajshahi Central Library, University of Rajshahi Reading Room 12/11/1966 A. I Quraishi 24.00   956.9 PEA 1950 25/03/2014 C-1 Books